000
00326nam a22001457a 4500
008
210514b ||||| |||| 00| 0 eng d
020
_a
9780835951470
041
_a
eng
080
_2
2nd
_a
61
082
_a
61
100
_a
4
101
_a
SHM
245
_a
Being A Medical Clerical Worker
_c
Marshall,J.R
942
_2
udc
_c
BK
999
_c
57352
_d
57352